000 00529nam a2200169 4500
001 133113
003 ES-MaACL
005 20230906194328.0
007 t|
008 070214s1971 it r ||||1| ita d
100 1 _aRossi, Giuseppe Carlo.
_999875
245 1 3 _aIl Vasco da Gama di Francesco Cerlone /
_cGiuseppe Carlo Rossi.
260 _aPadova :
_bLiviana Editrice,
_c1971.
300 _a2 h. ;
_c24 cm.
500 _aEs tirada aparte de Studi di Filologia Romanza, pág. 495-506.
852 _aES-MaACL
_j2094-F-2
_bR.91525
999 _c133113
_d133113